|
|
|
|
| LEADER |
01796cas a2200253 a 4500 |
| 001 |
AALejournalIMF019270 |
| 008 |
230101c9999 xx r poo 0 0eng d |
| 020 |
|
|
|c 5.00 USD
|
| 020 |
|
|
|z 9781498311373
|
| 022 |
|
|
|a 1018-5941
|
| 040 |
|
|
|a BD-DhAAL
|c BD-DhAAL
|
| 100 |
1 |
|
|a Bayoumi, Tamim.
|
| 245 |
1 |
0 |
|a Stranded! :
|b How Rising Inequality Suppressed US Migration and Hurt Those Left Behind /
|c Tamim Bayoumi, Jelle Barkema.
|
| 264 |
|
1 |
|a Washington, D.C. :
|b International Monetary Fund,
|c 2019.
|
| 300 |
|
|
|a 1 online resource (34 pages)
|
| 490 |
1 |
|
|a IMF Working Papers
|
| 500 |
|
|
|a <strong>Off-Campus Access:</strong> No User ID or Password Required
|
| 500 |
|
|
|a <strong>On-Campus Access:</strong> No User ID or Password Required
|
| 506 |
|
|
|a Electronic access restricted to authorized BRAC University faculty, staff and students
|
| 520 |
3 |
|
|a Using bilateral data on migration across US metro areas, we find strong evidence that increasing house price and income inequality has reduced long distance migration, the type most linked to jobs. For those migrating uphill, from a less to a more prosperous location, lower mobility is driven by increasing house price inequlity, as the disincentives from higher house prices dominate the incentives from higher earnings. By contrast, increasing income inequality drives the fall in downhill migration as the disincentives from lower earnings dominate the incentives from lower house prices. The model underlines the plight of those trapped in decaying metro areas-those 'left behind'.
|
| 538 |
|
|
|a Mode of access: Internet
|
| 700 |
1 |
|
|a Barkema, Jelle.
|
| 830 |
|
0 |
|a IMF Working Papers; Working Paper ;
|v No. 2019/122
|
| 856 |
4 |
0 |
|z Full text available on IMF
|u http://elibrary.imf.org/view/journals/001/2019/122/001.2019.issue-122-en.xml
|z IMF e-Library
|